000 01170cam a2200325 a 4500
999 _c2350
_d2350
001 17048674
003 GZU
005 20201028162632.0
008 111117s2011 oruab b 001 0 eng d
010 _a 2011456287
020 _a1606087851
020 _a9781606087855
020 _a9780718892654
035 _a(OCoLC)ocn741342429
040 _aYDXCP
_cYDXCP
_dLNT
_dBWX
_dDRU
_dDLC
042 _alccopycat
050 0 0 _aBS2330.2
_b.PUS 2011
100 1 _aPuskas, Charles B.
_eauthor
245 1 3 _aAn introduction to the New Testament /
_cCharles B. Puskas and C. Michael Robbins.
250 _a2nd ed.
260 _aEugene, Or. :
_bCascade Books,
_cc2011.
300 _axx, 374 p. :
_bill., maps ;
_c26 cm.
504 _aIncludes bibliographical references (p. 281-324) and indexes.
505 0 _aThe world of the New Testament -- Interpreting the New Testament -- Jesus and early Christianity.
630 0 0 _aBible.
_pNew Testament
_vIntroductions.
700 1 _aRobbins, C. Michael,
_d1955-
_eauthor
906 _a7
_bcbc
_ccopycat
_d2
_encip
_f20
_gy-gencatlg
942 _2lcc
_cBK
_h2330.2
_iPUS
_kBS